USA States Bordering Nebraska - Statistics

General Stats
  • This quiz has been taken 310 times
  • The average score is 5 of 6
Answer Stats
Answer % Correct
Kansas
96%
South Dakota
95%
Wyoming
90%
Iowa
89%
Colorado
87%
Missouri
85%
No matching quizzes found
Score Distribution
Percent of People with Each Score
Percentile by Number Answered
Your Score History
You have not taken this quiz